Szczegóły MARC21

Umiędzynarodowienie klastrów gospodarczych /

003 -Nazwa inst., której nr kontr. jest w polu 001 [,]
    • @
    • Nazwa instytucji, której n kontrolny jest w polu 001
    • NUKAT
005 -DATA I CZAS OSTATNIEJ MODYFIKACJI [,]
    • @
    • pole kontrolne
    • 20250315030032.0
020 -Międzynarod. znormalizowany nr książki - ISBN [ , ]
    • a
    • Numer ISBN
    • 9788375564860 Find
040 -Instytucja sporządzająca opis [ , ]
    • a
    • Instytucja, która sporządziła opis (NP)
    • GL 001/IFW
    • c
    • Instytucja, która sporządziła rekord (NP)
    • GL 001/IFW
    • d
    • Instytucja, która zmodyfikowała rekord (P)
    • GL 001/ACHs
942 -Rodzaj dokumentu [ , ]
    • c
    • Rodzaj dokumentu
    • Książka
100 -Hasło główne - nazwa osobowa [1, ]
    • a
    • Nazwa osobowa (NP)
    • Ślepko, Marcin.
    • 9
    • KHW
    • 54164
245 -Strefa tytułu i oznaczenia odpowiedzialności [1,0]
    • a
    • Tytuł
    • Umiędzynarodowienie klastrów gospodarczych / Find
    • c
    • Pozostałe elementy strefy tytułu i oznaczenia odpowiedzialności (NP)
    • Marcin Ślepko.
260 -Strefa adresu wydawniczego [ , ]
    • a
    • Miejsce wydania (P)
    • Warszawa :
    • b
    • Nazwa wydawcy (P)
    • CeDeWu,
    • c
    • Data wydania (P)
    • 2012.
300 -Strefa opisu fizycznego [ , ]
    • a
    • Określenie formy książki i/lub objętość (NP)
    • 237 s. :
    • b
    • Oznaczenie ilustracji (NP)
    • il. ;
    • c
    • Format (NP)
    • 24 cm.
336 -Typ zawartości [ , ]
    • a
    • Termin opisujący typ zawartości
    • Tekst
    • b
    • Kod określający zawartość
    • txt
    • 2
    • Źródło (terminu i kodu)
    • rdacontent
337 -Typ mediów [ , ]
    • a
    • Tryb odtwarzania
    • Bez urządzenia pośredniczącego
    • b
    • Kod typu mediów
    • n
    • 2
    • Źródło (terminu i kodu)
    • rdamedia
338 -Typ/rodzaj nośnika [ , ]
    • a
    • Hasło opisujące typ nośnika
    • Wolumin
    • b
    • Kod typu nośnika
    • nc
    • 2
    • Źródło (terminu i kodu)
    • rdacarrier
504 -Uwaga dot. bibliogr. załącznikowej [ , ]
    • a
    • Uwaga dot. bibliografii załącznikowej
    • Bibliogr. s. 221-234.
080 -Uniwersalna Klasyfikacja Dziesiętna [ , ]
    • 2
    • Identyfikator wydania tablic
    • UDC-P058
    • 9
    • UKD
    • 3064
    • a
    • Symbol klasyfikacji
    • 332.122
    • b
    • Dopowiedzenie
    • Obszary gospodarcze. Regiony gospodarcze. Strefy gospodarcze.
080 -Uniwersalna Klasyfikacja Dziesiętna [ , ]
    • 2
    • Identyfikator wydania tablic
    • UDC-P058
    • 9
    • UKD
    • 3116
    • a
    • Symbol klasyfikacji
    • 334.75
    • b
    • Dopowiedzenie
    • Związki gospodarcze ponadzakładowe w gospodarce rynkowej. Kartele. Syndykaty. Trusty. Koncerny. Fuzje. Przejmowanie przedsiębiorstw. Korporacje. Monopole
080 -Uniwersalna Klasyfikacja Dziesiętna [ , ]
    • 2
    • Identyfikator wydania tablic
    • UDC-P058
    • 9
    • UKD
    • 3117
    • a
    • Symbol klasyfikacji
    • 334.76
    • b
    • Dopowiedzenie
    • Zjednoczenia przedsiębiorstw w gospodarce planowej. Zrzeszenia gospodarcze. Monopole gospodarcze.
080 -Uniwersalna Klasyfikacja Dziesiętna [ , ]
    • 2
    • Identyfikator wydania tablic
    • UDC-P058
    • 9
    • UKD
    • 3343
    • a
    • Symbol klasyfikacji
    • 339.97
    • b
    • Dopowiedzenie
    • Międzynarodowa polityka gospodarcza. Międzynarodowe plany gospodarcze. Prognozy gospodarcze międzynarodowe.
650 -Hasło przedmiotowe [ ,7]
    • a
    • Hasło przedmiotowe
    • Klastry
    • x
    • Określnik rzeczowy
    • badania.
    • 2
    • Źródło terminu
    • kaba
    • 9
    • KHW
    • 375551
650 -Hasło przedmiotowe [ ,7]
    • a
    • Hasło przedmiotowe
    • Klastry
    • v
    • Określnik formalny
    • studium przypadku.
    • 2
    • Źródło terminu
    • kaba
    • 9
    • KHW
    • 371017
650 -Hasło przedmiotowe [ ,7]
    • a
    • Hasło przedmiotowe
    • Przedsiębiorstwa międzynarodowe
    • x
    • Określnik rzeczowy
    • ocena.
    • 2
    • Źródło terminu
    • kaba
    • 9
    • KHW
    • 375550
980 -Symbol UKD [ , ]
    • a
    • UKD
    • 332.122:334.75/.76: 339.97
920 -ISBN [ , ]
    • a
    • ISBN
    • 978-83-7556-486-0 Find
Data inwentaryzacji Lokalizacja Sygnatura Numer inwentarzowy Status udost.
2013-04-12TT.12733T.12733-2